[Event "27th Klatovy A 2019"]
[Site "Klatovy CZE"]
[Date "2019.06.29"]
[Round "1.29"]
[White "Danko, Jiri"]
[Black "Brejnik, Gustav"]
[Result "0-1"]
[WhiteElo "1881"]
[BlackElo "2114"]
[PlyCount "96"]
[EventDate "2019.06.29"]
[EventType "swiss"]
[EventRounds "9"]
[EventCountry "CZE"]

1. d4 Nf6 2. Nf3 e6 3. e3 b6 4. Bd3 Bb7 5. O-O c5 6. c3 Be7 7. Nbd2 d5 8. Qe2 O-O 9. e4 dxe4 10. Nxe4 Nbd7 11. dxc5 Nxe4 12. Bxe4 Bxe4 13. Qxe4 Nxc5 14. Qg4 Qd5 15. Be3 Rfd8 16. Bd4 f6 17. Rfe1 e5 18. Nh4 Bf8 19. Bxc5 Bxc5 20. Red1 Qb7 21. Qf5 Qf7 22. b3 Rac8 23. Qf3 g6 24. Rxd8+ Rxd8 25. Rd1 Qe8 26. g3 f5 27. Rd5 e4 28. Qd1 Rxd5 29. Qxd5+ Kg7 30. b4 Be7 31. Ng2 Qd8 32. Nf4 Qxd5 33. Nxd5 Bd6 34. Kf1 b5 35. Ke2 Kf7 36. Ke3 Be5 37. Kd2 Ke6 38. Ne3 g5 39. Nd1 h5 40. h3 f4 41. g4 hxg4 42. hxg4 Kd5 43. Ke2 Bc7 44. Kd2 Bb6 45. Ke2 Kc4 46. f3 exf3+ 47. Kxf3 Kd3 48. a4 bxa4 0-1

[Event "27th Klatovy A 2019"]
[Site "Klatovy CZE"]
[Date "2019.06.29"]
[Round "1.30"]
[White "Jelinek, Michal"]
[Black "Novak, Vaclav2"]
[Result "1/2-1/2"]
[WhiteElo "2108"]
[BlackElo "1870"]
[PlyCount "86"]
[EventDate "2019.06.29"]
[EventType "swiss"]
[EventRounds "9"]
[EventCountry "CZE"]

1. e4 c5 2. Nf3 Nc6 3. d4 cxd4 4. Nxd4 e5 5. Nb5 d6 6. N1c3 a6 7. Na3 Nf6 8. Bg5 Be7 9. Nc4 b5 10. Bxf6 gxf6 11. Ne3 Be6 12. Be2 Rc8 13. a4 b4 14. Ncd5 a5 15. Ba6 Rb8 16. Bb5 Rc8 17. Qd3 O-O 18. Bxc6 Rxc6 19. O-O Kh8 20. Rad1 Rg8 21. Qb5 Rc5 22. Qb7 Bf8 23. b3 Rg7 24. Rd3 Bc8 25. Qa8 Rg8 26. g3 Bg7 27. Nc4 f5 28. f3 f4 29. Kf2 fxg3+ 30. hxg3 Qg5 31. Rg1 f5 32. Nde3 fxe4 33. Qxe4 d5 34. Rxd5 Rxd5 35. Qxd5 Rf8 36. Nd6 Qf6 37. Nxc8 Rxc8 38. Rd1 Qb6 39. Ke2 Qh6 40. Qd7 Qh2+ 41. Kd3 Rg8 42. Nf5 Qf2 43. Nxg7 Qxf3+ 1/2-1/2

[Event "27th Klatovy A 2019"]
[Site "Klatovy CZE"]
[Date "2019.06.29"]
[Round "1.31"]
[White "Sterba, Karel"]
[Black "Chmel, Kristian"]
[Result "0-1"]
[WhiteElo "1864"]
[BlackElo "2102"]
[PlyCount "106"]
[EventDate "2019.06.29"]
[EventType "swiss"]
[EventRounds "9"]
[EventCountry "CZE"]

1. e4 e5 2. Nf3 Nc6 3. Bb5 f5 4. d3 fxe4 5. dxe4 Nf6 6. O-O d6 7. Re1 Be7 8. Nbd2 O-O 9. c3 Kh8 10. Nf1 Ng8 11. Ne3 a6 12. Bd3 Qe8 13. Nd5 Bd8 14. Be2 Nce7 15. c4 Qg6 16. Qd3 Nxd5 17. cxd5 Nf6 18. Nd2 Nh5 19. Bxh5 Qxh5 20. Qe2 Qf7 21. Rf1 g5 22. Nc4 Bd7 23. Be3 Qg6 24. Qd3 Be7 25. Rac1 Rf7 26. Rfd1 Bb5 27. b3 c5 28. a4 Bxc4 29. bxc4 Rg8 30. Rb1 Bd8 31. Rb3 a5 32. Bd2 b6 33. Qe2 Rgf8 34. Be1 Rf4 35. f3 h5 36. Bd2 R4f7 37. Kh1 g4 38. Rg1 Rg7 39. fxg4 hxg4 40. g3 Rgf7 41. Be1 Rf3 42. Rxf3 Rxf3 43. Rf1 Rxf1+ 44. Qxf1 Qxe4+ 45. Kg1 Kg7 46. Bf2 Bg5 47. h3 Be3 48. hxg4 Bxf2+ 49. Kxf2 Qxg4 50. Qb1 Qd4+ 51. Kg2 Qxc4 52. Qxb6 Qxd5+ 53. Kh2 c4 0-1

[Event "27th Klatovy A 2019"]
[Site "Klatovy CZE"]
[Date "2019.06.29"]
[Round "1.32"]
[White "Holy, Filip"]
[Black "Vavrinkova, Eliska"]
[Result "1/2-1/2"]
[WhiteElo "2088"]
[BlackElo "1858"]
[PlyCount "66"]
[EventDate "2019.06.29"]
[EventType "swiss"]
[EventRounds "9"]
[EventCountry "CZE"]

1. d4 d5 2. Nf3 Nf6 3. c4 c6 4. Nc3 a6 5. a4 e6 6. Bg5 Bb4 7. Nd2 Nbd7 8. e3 Qa5 9. Qc1 dxc4 10. Bf4 Nd5 11. Nxc4 Bxc3+ 12. bxc3 Qxc3+ 13. Qxc3 Nxc3 14. Bd3 Nd5 15. Bg3 O-O 16. Kd2 b5 17. Na5 N7b6 18. e4 Nf6 19. Rhc1 Bd7 20. Nxc6 Bxc6 21. Rxc6 Nxa4 22. Rac1 Nb2 23. Rb6 Rfd8 24. Rc2 Nc4+ 25. Bxc4 bxc4 26. Rxc4 Nxe4+ 27. Ke3 Nxg3 28. fxg3 a5 29. Rb7 Rdb8 30. Rd7 Rb3+ 31. Ke2 Rb2+ 32. Ke3 Rb3+ 33. Ke2 Rb2+ 1/2-1/2

[Event "27th Klatovy A 2019"]
[Site "Klatovy CZE"]
[Date "2019.06.29"]
[Round "1.33"]
[White "Kantor, Jozef"]
[Black "Vanduyfhuys, Daria"]
[Result "0-1"]
[WhiteElo "1808"]
[BlackElo "2078"]
[PlyCount "84"]
[EventDate "2019.06.29"]
[EventType "swiss"]
[EventRounds "9"]
[EventCountry "CZE"]

1. e4 c5 2. c3 d5 3. Bb5+ Bd7 4. Bxd7+ Qxd7 5. exd5 Qxd5 6. Qf3 Nf6 7. d3 Nc6 8. Na3 O-O-O 9. Qxd5 Rxd5 10. Ke2 Ne5 11. d4 cxd4 12. cxd4 Nc6 13. Nf3 e6 14. Rd1 Bxa3 15. bxa3 Ne4 16. Bb2 Rhd8 17. Rac1 Kb8 18. Ke3 Nd6 19. g4 h5 20. h3 Ne8 21. Ke2 Nf6 22. g5 Ne4 23. h4 Nd6 24. Ne5 Nxe5 25. dxe5 Nf5 26. Rxd5 Rxd5 27. Rc4 Rb5 28. Bc3 Rb1 29. f3 Rc1 30. Kd2 Rh1 31. Bb4 b5 32. Rc5 a6 33. Ba5 Rxh4 34. Rc7 Ra4 35. Bb6 Rxa3 36. Rxf7 Rxa2+ 37. Kd3 h4 38. Ba7+ Kc8 39. Rf8+ Kb7 40. Rf7+ Kc6 41. Rf8 h3 42. Rh8 h2 0-1

[Event "27th Klatovy A 2019"]
[Site "Klatovy CZE"]
[Date "2019.06.29"]
[Round "1.34"]
[White "Cakl, Zdenek"]
[Black "Novotny, David"]
[Result "1/2-1/2"]
[WhiteElo "2072"]
[BlackElo "1788"]
[PlyCount "97"]
[EventDate "2019.06.29"]
[EventType "swiss"]
[EventRounds "9"]
[EventCountry "CZE"]

1. Nf3 d5 2. b3 Bf5 3. Bb2 e6 4. g3 c6 5. Bg2 Nd7 6. d3 Ngf6 7. Nbd2 Be7 8. O-O h5 9. e4 dxe4 10. dxe4 Nxe4 11. Nxe4 Bxe4 12. Bxg7 Rh7 13. Bb2 Qa5 14. Qe2 Bxf3 15. Qxf3 h4 16. Rfd1 O-O-O 17. a3 hxg3 18. hxg3 Qh5 19. Qxh5 Rxh5 20. Rd3 Bf6 21. Bxf6 Nxf6 22. Rad1 Rxd3 23. Rxd3 Re5 24. Kf1 Ng4 25. Bh3 Nh6 26. c4 a5 27. f4 Rc5 28. Rd4 Nf5 29. Bxf5 Rxf5 30. Kg2 Rh5 31. g4 Rh8 32. g5 c5 33. Rd3 Kc7 34. Kg3 a4 35. bxa4 Ra8 36. Kg4 Rxa4 37. Rc3 Kc6 38. f5 Kd6 39. fxe6 Kxe6 40. Kh5 Ke5 41. Rf3 Rxc4 42. Rxf7 Ra4 43. Rxb7 Rxa3 44. g6 c4 45. g7 Rg3 46. Rc7 Kf6 47. Rxc4 Kxg7 48. Rg4+ Rxg4 49. Kxg4 1/2-1/2

[Event "27th Klatovy A 2019"]
[Site "Klatovy CZE"]
[Date "2019.06.29"]
[Round "1.35"]
[White "Vilimova, Julie"]
[Black "Vevera, Radek"]
[Result "1/2-1/2"]
[WhiteElo "1786"]
[BlackElo "2066"]
[PlyCount "70"]
[EventDate "2019.06.29"]
[EventType "swiss"]
[EventRounds "9"]
[EventCountry "CZE"]

1. d4 Nf6 2. c4 c5 3. d5 e6 4. Nc3 exd5 5. Nxd5 Nxd5 6. cxd5 d6 7. e4 g6 8. Nf3 Bg7 9. Rb1 O-O 10. Bd3 b5 11. O-O c4 12. Bc2 Bg4 13. h3 Bxf3 14. Qxf3 Nd7 15. Qg3 Qe7 16. Bg5 Nf6 17. Rfe1 Rfe8 18. a4 a6 19. Qh4 Qe5 20. Bf4 Qd4 21. Bxd6 Nxd5 22. Red1 Qf6 23. Qxf6 Nxf6 24. e5 Nd7 25. Be4 Ra7 26. f4 Rc8 27. axb5 axb5 28. Ra1 Rxa1 29. Rxa1 Nc5 30. Bc6 Na4 31. Bxb5 Nxb2 32. Bd7 Rd8 33. Be7 Rb8 34. Bd6 Rd8 35. Be7 Rb8 1/2-1/2

[Event "27th Klatovy A 2019"]
[Site "Klatovy CZE"]
[Date "2019.06.29"]
[Round "1.36"]
[White "Pick, Stepan"]
[Black "Janous, Marek"]
[Result "1/2-1/2"]
[WhiteElo "2058"]
[BlackElo "1777"]
[PlyCount "68"]
[EventDate "2019.06.29"]
[EventType "swiss"]
[EventRounds "9"]
[EventCountry "CZE"]

1. Nf3 Nf6 2. c4 g6 3. Nc3 Bg7 4. e4 d6 5. d4 O-O 6. Be2 Bg4 7. Be3 Nfd7 8. Ng1 Bxe2 9. Ngxe2 Nc6 10. Rc1 e5 11. O-O exd4 12. Nxd4 Nce5 13. b3 Nf6 14. h3 Re8 15. Qd2 Ned7 16. f3 Nh5 17. Nde2 Nb6 18. Bg5 Qd7 19. Rfd1 Qe6 20. g4 Nf6 21. Nd5 Nfxd5 22. cxd5 Qd7 23. Nd4 a6 24. Rc2 Rac8 25. a4 c5 26. dxc6 bxc6 27. Rdc1 c5 28. Ne2 Qe6 29. Qd3 c4 30. bxc4 Nxa4 31. Bf4 Red8 32. Bg5 Re8 33. Bf4 Red8 34. Bg5 Re8 1/2-1/2

[Event "27th Klatovy A 2019"]
[Site "Klatovy CZE"]
[Date "2019.06.29"]
[Round "1.37"]
[White "Paldus, Jan"]
[Black "Bub, Volker"]
[Result "0-1"]
[WhiteElo "1767"]
[BlackElo "2049"]
[PlyCount "88"]
[EventDate "2019.06.29"]
[EventType "swiss"]
[EventRounds "9"]
[EventCountry "CZE"]

1. e4 c5 2. Nf3 d6 3. d4 cxd4 4. Nxd4 Nf6 5. Nc3 a6 6. Bg5 e6 7. Be2 Be7 8. O-O O-O 9. Qd2 Qc7 10. Rfd1 Nbd7 11. Nb3 b5 12. a3 Bb7 13. Qe3 Ne5 14. h3 Rfe8 15. Nd2 Ng6 16. Nf3 h6 17. Bxf6 Bxf6 18. Rd3 d5 19. exd5 exd5 20. Qd2 Nf4 21. Re3 d4 22. Nxd4 Red8 23. Ncxb5 axb5 24. c3 b4 25. Bf3 Bxf3 26. Rxf3 bxc3 27. bxc3 Bxd4 28. cxd4 Rxd4 29. Qe3 Rad8 30. Rf1 Qc4 31. Re1 Ne6 32. Rg3 Rd1 33. Rxd1 Rxd1+ 34. Kh2 Qc1 35. Qxc1 Rxc1 36. Re3 Rc2 37. Kg3 Ra2 38. f4 Nd4 39. Rd3 Nc2 40. Kg4 Rxa3 41. Rd8+ Kh7 42. Rd2 Ne3+ 43. Kh4 Nf5+ 44. Kg4 g6 0-1

[Event "27th Klatovy A 2019"]
[Site "Klatovy CZE"]
[Date "2019.06.29"]
[Round "1.38"]
[White "Hajek, Jiri2"]
[Black "Dvorakova, Olga"]
[Result "1/2-1/2"]
[WhiteElo "2043"]
[BlackElo "1763"]
[PlyCount "127"]
[EventDate "2019.06.29"]
[EventType "swiss"]
[EventRounds "9"]
[EventCountry "CZE"]

1. d4 e6 2. Nf3 Nf6 3. e3 b6 4. Bd3 Bb7 5. Nbd2 c5 6. c3 Be7 7. O-O O-O 8. Qe2 d5 9. dxc5 Bxc5 10. b4 Be7 11. Bb2 Nbd7 12. a3 Rc8 13. c4 Ne4 14. Rac1 Bf6 15. Nd4 Ne5 16. Nxe4 dxe4 17. Bb1 Ba6 18. b5 Bb7 19. Rfd1 Qe7 20. Nb3 Nd7 21. Bxf6 Nxf6 22. c5 bxc5 23. Na5 Bd5 24. Nc4 Rfd8 25. Ba2 Qc7 26. a4 Nd7 27. Bb1 Ra8 28. Nd2 f5 29. f3 exf3 30. gxf3 a6 31. bxa6 Ne5 32. e4 fxe4 33. Nxe4 Qb6 34. Qb5 Qxa6 35. Qxa6 Rxa6 36. f4 Nd7 37. Nc3 Nb6 38. Bd3 c4 39. Bc2 Rda8 40. Re1 Kf7 41. f5 Re8 42. Nb5 Re7 43. fxe6+ Rxe6 44. Rxe6 Bxe6 45. Nc7 Ra7 46. Nb5 Ra5 47. Nc3 Bd7 48. Kf2 Ra8 49. Be4 Ra5 50. Ke3 Nxa4 51. Rf1+ Ke6 52. Nxa4 Rxa4 53. Bf5+ Ke7 54. Bxd7 Kxd7 55. Rf7+ Ke6 56. Rxg7 h5 57. Rh7 c3 58. Rc7 Rh4 59. Rxc3 Rh3+ 60. Kd4 Rh4+ 61. Ke3 Rh3+ 62. Kd4 Rxh2 63. Rf3 h4 64. Ke4 1/2-1/2

[Event "27th Klatovy A 2019"]
[Site "Klatovy CZE"]
[Date "2019.06.29"]
[Round "1.39"]
[White "Nechutny, Michal"]
[Black "Finek, Vaclav"]
[Result "1/2-1/2"]
[WhiteElo "1726"]
[BlackElo "2043"]
[PlyCount "89"]
[EventDate "2019.06.29"]
[EventType "swiss"]
[EventRounds "9"]
[EventCountry "CZE"]

1. e4 c5 2. c3 d6 3. d4 Nf6 4. Bd3 Nc6 5. Nf3 Bg4 6. Be3 e6 7. h3 Bxf3 8. Qxf3 Qb6 9. Qe2 Be7 10. dxc5 dxc5 11. O-O O-O 12. Na3 Rad8 13. Rad1 Qc7 14. Bc2 a6 15. Nc4 b5 16. Nd2 Nd7 17. f4 e5 18. f5 f6 19. g4 Kh8 20. h4 c4 21. g5 Bc5 22. Nf3 Bxe3+ 23. Qxe3 Qb6 24. Qxb6 Nxb6 25. Rxd8 Rxd8 26. Rd1 Rxd1+ 27. Bxd1 Nd8 28. h5 Nb7 29. Bc2 Nc5 30. b3 cxb3 31. axb3 Nb7 32. g6 a5 33. Nd2 a4 34. Kf2 hxg6 35. hxg6 Kg8 36. Ke2 Kf8 37. Nb1 axb3 38. Bxb3 Nc5 39. Bc2 Nc4 40. Nd2 Ke7 41. Nf1 Kd7 42. Ng3 Nd6 43. Bb1 Kc6 44. Nh5 Ne8 45. Ke3 1/2-1/2

[Event "27th Klatovy A 2019"]
[Site "Klatovy CZE"]
[Date "2019.06.29"]
[Round "1.40"]
[White "Kopriva, Martin"]
[Black "Stankova, Zuzana 1986"]
[Result "1-0"]
[WhiteElo "2031"]
[BlackElo "1677"]
[PlyCount "99"]
[EventDate "2019.06.29"]
[EventType "swiss"]
[EventRounds "9"]
[EventCountry "CZE"]

1. e4 c5 2. d4 cxd4 3. Nf3 e6 4. c3 d3 5. Bxd3 Nc6 6. O-O Nf6 7. Qe2 d5 8. exd5 Nxd5 9. Rd1 Qc7 10. Bb5 Be7 11. Bg5 O-O 12. Bxc6 Qxc6 13. Bxe7 Nxe7 14. Nd4 Qc5 15. Nd2 a6 16. Ne4 Qc7 17. Rd3 Ng6 18. Rg3 e5 19. Nc2 f5 20. Ng5 Nf4 21. Qe1 Bd7 22. Nb4 Bb5 23. Re3 Qd8 24. Nh3 Nxh3+ 25. Rxh3 e4 26. f3 Qb6+ 27. Kh1 Qe6 28. a4 Bc4 29. Qh4 h6 30. fxe4 Qxe4 31. Qxe4 fxe4 32. Re3 Rae8 33. Kg1 Rf7 34. h3 g5 35. Rd1 Kg7 36. Rd4 b5 37. Nxa6 Rf1+ 38. Kh2 Rf4 39. Nc5 Rf2 40. b4 Rc2 41. a5 Rf8 42. Nxe4 Bf1 43. Rd2 Rc1 44. Rd7+ Kg6 45. Rd6+ Kg7 46. Ng3 Bc4 47. Re7+ Rf7 48. Nf5+ Kh8 49. Re8+ Kh7 50. Rxh6# 1-0

[Event "27th Klatovy A 2019"]
[Site "Klatovy CZE"]
[Date "2019.06.30"]
[Round "2.1"]
[White "Neuman, Petr"]
[Black "Vorisek, Jaroslav"]
[Result "1-0"]
[WhiteElo "2395"]
[BlackElo "2241"]
[PlyCount "67"]
[EventDate "2019.06.29"]
[EventType "swiss"]
[EventRounds "9"]
[EventCountry "CZE"]

1. d4 Nf6 2. c4 e6 3. Nc3 Bb4 4. e3 b6 5. Nge2 Bb7 6. a3 Be7 7. d5 b5 8. dxe6 fxe6 9. cxb5 O-O 10. Ng3 Qe8 11. f3 h5 12. Bd3 h4 13. Nge4 h3 14. g3 d5 15. Nf2 Qh5 16. f4 Qh6 17. O-O Nbd7 18. b4 e5 19. Bf5 Rad8 20. Bxh3 exf4 21. exf4 Nb6 22. Be6+ Kh8 23. f5 Qh7 24. Ne2 Nh5 25. g4 d4 26. Qd3 Nd7 27. Bxd7 Rxd7 28. gxh5 Qxh5 29. Ng3 Qh4 30. Nfe4 Bf6 31. Rf4 Qh3 32. Qf1 Qxf1+ 33. Rxf1 d3 34. Nxf6 1-0

[Event "27th Klatovy A 2019"]
[Site "Klatovy CZE"]
[Date "2019.06.30"]
[Round "2.2"]
[White "Michalek, Jan 1969"]
[Black "Dolezal, Radoslav Jr"]
[Result "1/2-1/2"]
[WhiteElo "2230"]
[BlackElo "2374"]
[PlyCount "22"]
[EventDate "2019.06.29"]
[EventType "swiss"]
[EventRounds "9"]
[EventCountry "CZE"]

1. e4 e5 2. Nf3 Nf6 3. Nxe5 d6 4. Nf3 Nxe4 5. Qe2 Qe7 6. d3 Nf6 7. Bg5 Nbd7 8. Nc3 Qxe2+ 9. Bxe2 Be7 10. O-O-O h6 11. Bh4 Nb6 1/2-1/2

[Event "27th Klatovy A 2019"]
[Site "Klatovy CZE"]
[Date "2019.06.30"]
[Round "2.3"]
[White "Molkanov, Oleg 2001"]
[Black "Rubes, Jan"]
[Result "0-1"]
[WhiteElo "2211"]
[BlackElo "2352"]
[PlyCount "80"]
[EventDate "2019.06.29"]
[EventType "swiss"]
[EventRounds "9"]
[EventCountry "CZE"]

1. d4 Nf6 2. c4 e6 3. Nf3 c5 4. d5 exd5 5. cxd5 d6 6. Bf4 a6 7. a4 g6 8. Nc3 Bg7 9. e4 Bg4 10. Be2 Bxf3 11. Bxf3 Qe7 12. O-O Nbd7 13. a5 O-O 14. Qd2 Rfe8 15. Bg3 Rab8 16. Qf4 Ne5 17. Be2 Nfd7 18. Qd2 c4 19. f4 Nd3 20. Bxd3 cxd3 21. Rae1 Rbc8 22. Rf3 Qd8 23. Rxd3 Qxa5 24. e5 dxe5 25. fxe5 Bxe5 26. Rde3 f6 27. Bxe5 Rxe5 28. Rxe5 Nxe5 29. Qf2 Kg7 30. Ne4 Rf8 31. Nc5 Kg8 32. Rd1 Qb6 33. Qd4 Rd8 34. d6 a5 35. Kh1 Qc6 36. Ne4 Kg7 37. Rf1 Qc4 38. Qf2 f5 39. Nd2 Qd5 40. Qh4 Qxd6 0-1

[Event "27th Klatovy A 2019"]
[Site "Klatovy CZE"]
[Date "2019.06.30"]
[Round "2.4"]
[White "Havelka, Josef"]
[Black "Kopta, Pavel"]
[Result "1-0"]
[WhiteElo "2342"]
[BlackElo "2227"]
[PlyCount "55"]
[EventDate "2019.06.29"]
[EventType "swiss"]
[EventRounds "9"]
[EventCountry "CZE"]

1. e4 c5 2. Nf3 d6 3. d4 cxd4 4. Nxd4 Nf6 5. Nc3 g6 6. Be3 Bg7 7. Bc4 O-O 8. f3 Nc6 9. Qd2 Nd7 10. O-O-O Nde5 11. Be2 Nxd4 12. Bxd4 Be6 13. h4 Qa5 14. f4 Rfd8 15. h5 Rac8 16. hxg6 fxg6 17. Qe1 Nd7 18. Qh4 Nf6 19. e5 dxe5 20. fxe5 Rxd4 21. Qxd4 Nd7 22. Bg4 Nf8 23. Bxe6+ Nxe6 24. Qd7 Rc6 25. Nd5 Nf8 26. Nxe7+ Kh8 27. Nxc6 Qxa2 28. Qxb7 1-0

[Event "27th Klatovy A 2019"]
[Site "Klatovy CZE"]
[Date "2019.06.30"]
[Round "2.5"]
[White "Kaderabek, Jiri"]
[Black "Sprenar, Petr"]
[Result "0-1"]
[WhiteElo "2182"]
[BlackElo "2320"]
[PlyCount "42"]
[EventDate "2019.06.29"]
[EventType "swiss"]
[EventRounds "9"]
[EventCountry "CZE"]

1. e4 e6 2. d4 d5 3. exd5 exd5 4. c4 Nf6 5. Nc3 Bb4 6. Nf3 O-O 7. Bd3 Re8+ 8. Be3 Nc6 9. O-O Bg4 10. c5 Bxc5 11. Bb5 Bd6 12. h3 Bd7 13. Bg5 h6 14. Bxf6 Qxf6 15. Nxd5 Qf5 16. Nc3 Rad8 17. Bd3 Qa5 18. Qb3 Qh5 19. Qb5 Ne5 20. dxe5 Bxb5 21. Bxb5 c6 0-1

[Event "27th Klatovy A 2019"]
[Site "Klatovy CZE"]
[Date "2019.06.30"]
[Round "2.6"]
[White "Vyprachticky, David"]
[Black "Eret, Matous"]
[Result "1/2-1/2"]
[WhiteElo "2312"]
[BlackElo "2205"]
[PlyCount "74"]
[EventDate "2019.06.29"]
[EventType "swiss"]
[EventRounds "9"]
[EventCountry "CZE"]

1. c4 e5 2. Nc3 Nc6 3. Nf3 Nf6 4. e4 Bb4 5. d3 h6 6. a3 Bxc3+ 7. bxc3 d6 8. g3 O-O 9. Bg2 Be6 10. O-O Qd7 11. Rb1 b6 12. Nh4 Bh3 13. Nf5 Bxg2 14. Kxg2 Ne7 15. Ne3 Nh7 16. d4 Ng5 17. f3 Qh3+ 18. Kg1 f5 19. Nxf5 Nxf5 20. exf5 Qxf5 21. Bxg5 Qxg5 22. dxe5 Qxe5 23. Qd5+ Qxd5 24. cxd5 Rae8 25. Kf2 Re4 26. Rb4 Re5 27. Rd1 Rfe8 28. Rd2 R8e7 29. a4 a5 30. Rc4 Kf8 31. h4 Ke8 32. f4 Re1 33. Rxc7 Rxc7 34. Kxe1 Rxc3 35. Kf2 Kd7 36. Rb2 Kc7 37. Re2 Kd7 1/2-1/2

[Event "27th Klatovy A 2019"]
[Site "Klatovy CZE"]
[Date "2019.06.30"]
[Round "2.7"]
[White "Furman, Boris"]
[Black "Stross, Frantisek"]
[Result "1/2-1/2"]
[WhiteElo "2144"]
[BlackElo "2312"]
[PlyCount "53"]
[EventDate "2019.06.29"]
[EventType "swiss"]
[EventRounds "9"]
[EventCountry "CZE"]

1. d4 Nf6 2. c4 g6 3. Nc3 Bg7 4. Nf3 O-O 5. Bg5 h6 6. Bh4 d6 7. e3 c5 8. d5 g5 9. Bg3 Nh5 10. Nd2 Nxg3 11. hxg3 e6 12. Qc2 exd5 13. Nxd5 Be6 14. Be2 Bxd5 15. cxd5 Nd7 16. O-O b5 17. Bxb5 Rb8 18. a4 a6 19. Bxd7 Rxb2 20. Qd3 Rxd2 21. Qxd2 Bxa1 22. Rxa1 Qxd7 23. Qd3 a5 24. Qc3 Qf5 25. Rd1 Ra8 26. f3 Qd7 27. Ra1 1/2-1/2

[Event "27th Klatovy A 2019"]
[Site "Klatovy CZE"]
[Date "2019.06.30"]
[Round "2.8"]
[White "Hollan, Petr"]
[Black "Dvorak, Jan"]
[Result "1-0"]
[WhiteElo "2261"]
[BlackElo "2141"]
[PlyCount "67"]
[EventDate "2019.06.29"]
[EventType "swiss"]
[EventRounds "9"]
[EventCountry "CZE"]

1. e4 e6 2. d4 d5 3. Nc3 Bb4 4. e5 c5 5. a3 Bxc3+ 6. bxc3 Qa5 7. Bd2 Qa4 8. Nf3 Nc6 9. Bd3 c4 10. Be2 Bd7 11. O-O O-O-O 12. Nh4 f6 13. f4 Nge7 14. f5 exf5 15. exf6 gxf6 16. Bf4 Ng6 17. Bg3 Nce7 18. Qd2 b6 19. Rae1 Rde8 20. Bh5 Rhg8 21. Kh1 Kb7 22. Bd6 Nc8 23. Rxe8 Rxe8 24. Bg3 Nce7 25. Qh6 Rg8 26. Qxh7 Rh8 27. Qg7 Rxh5 28. Nxg6 Nxg6 29. Qxg6 Rh8 30. Qxf6 Rh7 31. Re1 Qxc2 32. Qg6 Rh8 33. Qg7 Rd8 34. Qe7 1-0

[Event "27th Klatovy A 2019"]
[Site "Klatovy CZE"]
[Date "2019.06.30"]
[Round "2.9"]
[White "Brejnik, Gustav"]
[Black "Vedral, Oldrich"]
[Result "1-0"]
[WhiteElo "2114"]
[BlackElo "2250"]
[PlyCount "61"]
[EventDate "2019.06.29"]
[EventType "swiss"]
[EventRounds "9"]
[EventCountry "CZE"]

1. d4 Nf6 2. c4 g6 3. g3 Bg7 4. Bg2 O-O 5. Nc3 d6 6. Nf3 c6 7. O-O a6 8. a4 a5 9. h3 Na6 10. e4 Nd7 11. Be3 e5 12. Qd2 exd4 13. Nxd4 Ne5 14. b3 c5 15. Ndb5 Bxh3 16. f4 Bxg2 17. Kxg2 Nc6 18. Rad1 Nc7 19. Qxd6 Nxb5 20. Nxb5 Qc8 21. Qd7 b6 22. Rd6 Qxd7 23. Rxd7 Rad8 24. Rfd1 Bf6 25. e5 Be7 26. R1d5 f6 27. Rc7 Rc8 28. Rdd7 Rfe8 29. exf6 Bxf6 30. Nd6 Rxe3 31. Rxc8+ 1-0

[Event "27th Klatovy A 2019"]
[Site "Klatovy CZE"]
[Date "2019.06.30"]
[Round "2.10"]
[White "Jurek, Josef"]
[Black "Chmel, Kristian"]
[Result "1/2-1/2"]
[WhiteElo "2247"]
[BlackElo "2102"]
[PlyCount "51"]
[EventDate "2019.06.29"]
[EventType "swiss"]
[EventRounds "9"]
[EventCountry "CZE"]

1. Nf3 Nf6 2. c4 g6 3. d4 Bg7 4. g3 c6 5. Bg2 O-O 6. Nc3 d5 7. cxd5 cxd5 8. Ne5 e6 9. Bg5 h6 10. Be3 Nc6 11. Nxc6 bxc6 12. O-O Nd7 13. Qd2 h5 14. Rac1 Ba6 15. Rfd1 Re8 16. Bh6 Bf6 17. e4 Nb6 18. b3 Rc8 19. Be3 Be7 20. h4 Bb4 21. Qb2 Qe7 22. Rc2 f5 23. e5 c5 24. dxc5 Bxc5 25. Bxc5 Qxc5 26. Rdc1 1/2-1/2

[Event "27th Klatovy A 2019"]
[Site "Klatovy CZE"]
[Date "2019.06.30"]
[Round "2.11"]
[White "Vanduyfhuys, Daria"]
[Black "Simet, Martin"]
[Result "0-1"]
[WhiteElo "2078"]
[BlackElo "2244"]
[PlyCount "78"]
[EventDate "2019.06.29"]
[EventType "swiss"]
[EventRounds "9"]
[EventCountry "CZE"]

1. d4 Nf6 2. c4 e6 3. Nf3 b6 4. g3 Ba6 5. b3 d5 6. Bg2 Nbd7 7. Nbd2 Rc8 8. O-O Be7 9. Bb2 O-O 10. Re1 c5 11. Rc1 Rc7 12. e4 dxe4 13. Nxe4 Nxe4 14. Rxe4 Bb7 15. Re2 cxd4 16. Nxd4 Bxg2 17. Kxg2 Nc5 18. Qc2 Rd7 19. b4 Bf6 20. bxc5 Bxd4 21. Bxd4 Rxd4 22. cxb6 axb6 23. Qb3 Rd3 24. Qb4 Qd4 25. Rce1 Rc8 26. Re4 Qd8 27. a4 Rc5 28. R4e3 Rd6 29. Kg1 h5 30. Re5 Rd1 31. Qb3 Rd3 32. Qb4 Rxe5 33. Rxe5 Qd4 34. Re1 h4 35. Kg2 Rd2 36. Rf1 Qe4+ 37. Kh3 Qf5+ 38. g4 Qf3+ 39. Kxh4 Rd3 0-1

[Event "27th Klatovy A 2019"]
[Site "Klatovy CZE"]
[Date "2019.06.30"]
[Round "2.12"]
[White "Slovak, Kilian"]
[Black "Kopriva, Martin"]
[Result "1/2-1/2"]
[WhiteElo "2242"]
[BlackElo "2031"]
[PlyCount "115"]
[EventDate "2019.06.29"]
[EventType "swiss"]
[EventRounds "9"]
[EventCountry "CZE"]

1. e4 e5 2. Nf3 Nc6 3. Bb5 Nd4 4. Nxd4 exd4 5. Bc4 Nf6 6. Qe2 d6 7. d3 Be7 8. Nd2 O-O 9. O-O Be6 10. Bxe6 fxe6 11. f4 c5 12. Nf3 b5 13. c3 dxc3 14. bxc3 a5 15. Kh1 b4 16. Bd2 Qd7 17. a3 Rab8 18. axb4 axb4 19. Rfb1 d5 20. cxb4 cxb4 21. Rb3 dxe4 22. dxe4 Rb5 23. Ra6 Rc8 24. Ng5 h6 25. Nxe6 Nxe4 26. Be1 Qb7 27. Ra1 Nc3 28. Qd3 Bf6 29. Rc1 Rd5 30. Qf3 Qa6 31. Nxg7 Rd3 32. Qg4 Rd1 33. Nh5+ Kh8 34. h3 Rxc1 35. Qg6 Rxe1+ 36. Kh2 Re7 37. Nxf6 Qa7 38. Qxh6+ Rh7 39. Nxh7 Qxh7 40. Qxh7+ Kxh7 41. Rxb4 Kg6 42. g4 Nd5 43. Rd4 Rc5 44. Kg3 Ra5 45. Kh4 Kf6 46. Rc4 Ra6 47. Rc5 Rd6 48. Kg3 Ne7 49. g5+ Kg6 50. Kg4 Rd1 51. Ra5 Rg1+ 52. Kf3 Nf5 53. Ra6+ Kg7 54. Ke4 Nh4 55. Ra7+ Kg6 56. Ra6+ Kg7 57. Ra7+ Kg6 58. Ra6+ 1/2-1/2

[Event "27th Klatovy A 2019"]
[Site "Klatovy CZE"]
[Date "2019.06.30"]
[Round "2.13"]
[White "Bub, Volker"]
[Black "Zeman, Matyas"]
[Result "1/2-1/2"]
[WhiteElo "2049"]
[BlackElo "2275"]
[PlyCount "50"]
[EventDate "2019.06.29"]
[EventType "swiss"]
[EventRounds "9"]
[EventCountry "CZE"]

1. e4 c5 2. d3 Nc6 3. g3 g6 4. Bg2 Bg7 5. f4 d6 6. Nf3 e6 7. O-O Nge7 8. c3 O-O 9. Be3 b6 10. Bf2 Qc7 11. Na3 Ba6 12. Re1 Rac8 13. Nc2 Rfd8 14. h4 d5 15. e5 h5 16. Bh3 Nf5 17. Qe2 Nce7 18. Rad1 Bb7 19. Ng5 d4 20. c4 b5 21. b3 bxc4 22. bxc4 Qc6 23. Kh2 Nh6 24. Rg1 Nef5 25. Ne1 Rb8 1/2-1/2

[Event "27th Klatovy A 2019"]
[Site "Klatovy CZE"]
[Date "2019.06.30"]
[Round "2.14"]
[White "Hausner, Ivan"]
[Black "Pavlicek, Lukas"]
[Result "1-0"]
[WhiteElo "2370"]
[BlackElo "1962"]
[PlyCount "53"]
[EventDate "2019.06.29"]
[EventType "swiss"]
[EventRounds "9"]
[EventCountry "CZE"]

1. e4 c5 2. Nc3 a6 3. g3 b5 4. Bg2 Bb7 5. Nge2 e6 6. d4 cxd4 7. Nxd4 Nf6 8. O-O b4 9. Na4 Bxe4 10. Bxe4 Nxe4 11. Re1 Nc5 12. c4 Nc6 13. Be3 Nxa4 14. Nxc6 Nxb2 15. Qf3 Qf6 16. Qg2 Nxc4 17. Bd4 Qg5 18. Ne5 Rc8 19. Qb7 Qd8 20. Nxc4 Rxc4 21. Rac1 Rc6 22. Rxc6 dxc6 23. Bb6 Qd5 24. Re4 e5 25. Qb8+ Kd7 26. Rxe5 Qd1+ 27. Kg2 1-0